| 000 | 00479nam a2200217Ia 4500 | ||
|---|---|---|---|
| 008 | 210210b1921 xxu||||| |||| 00| 0 eng d | ||
| 041 | _aeng | ||
| 082 | _a821/908 | ||
| 100 | _aMARLOWE (C) | ||
| 245 | _aJew of Malta and Massacre at Paris | ||
| 260 |
_aLondon _bMethuen Co Ltd. _c1921 |
||
| 650 | _aParis | ||
| 650 | _aof | ||
| 650 | _aMassacre | ||
| 650 | _aMalta | ||
| 650 | _aJew | ||
| 650 | _aat | ||
| 650 | _aand | ||
| 690 | _aEnglish Drama | ||
| 906 | _a012074 | ||
| 999 |
_c130825 _d130825 |
||